| 000 | 00441nam a2200157Ia 4500 | ||
|---|---|---|---|
| 008 | 220216s9999 xx 000 0 und d | ||
| 100 | _aMorris Michael D. | ||
| 245 | 0 | _aAdvanced tire filler materials to reduce fuel consumption of commercial vehicles | |
| 260 |
_bRubber World _c2010 |
||
| 300 | _a15-18, 25 | ||
| 650 | _aCommercial vehicles | ||
| 650 | _aFuel consumption | ||
| 650 | _aTire fillers | ||
| 700 | _aTheo Al | ||
| 942 | _cJS | ||
| 999 |
_c53866 _d53866 |
||